Desempenho

Gespeichert in:
Bibliographische Detailangaben
Format: Buch
Sprache:Portugiesisch
Veröffentlicht: Sao Paulo Scania 1990
Schlagworte:
Tags: Tag hinzufügen
Keine Tags, Fügen Sie den ersten Tag hinzu!

MARC

LEADER 00000nam a2200000 a 4500
001 UCV4800
003 CL-VaPUC
008 930422e19900000BL |||||||||||||||||por|d
082 0 4 |a 629.2  |b DES  |2 21 
245 1 0 |a Desempenho 
300 |a 62 p 
942 |c BK 
945 |d 19930422 00:00:00 
260 |a Sao Paulo  |b Scania  |c 1990 
650 0 |a Vehículos de motor  |9 428686 
650 0 |a Manuales  |9 257144 
650 7 |a CAMIONES  |2 CL-VaPUC  |9 298993 
583 |a last modification  |c 20120511 07:09:45  |k Rodrigo Vera 
999 |c 211475  |d 211473 
952 |0 0  |1 0  |4 0  |6 629_200000000000000_DES_1990  |7 0  |8 A  |9 190832  |a BIBING  |b BIBING  |d 2019-11-14  |i 2584905  |o 629.2 DES 1990  |p 2584905  |r 2025-01-20  |w 2019-11-14  |y BK  |k TRA 
952 |0 0  |1 0  |4 0  |6 629_200000000000000_DES_1990  |7 0  |8 A  |9 190833  |a BIBING  |b BIBING  |d 2019-11-14  |i 2584913  |o 629.2 DES 1990  |p 2584913  |r 2025-01-20  |w 2019-11-14  |y BK  |k TRA